Christmas holiday / (Record no. 233501)

000 -LEADER
fixed length control field 01227cam a2200337 i 4500
001 - CONTROL NUMBER
control field 2216689
003 - CONTROL NUMBER IDENTIFIER
control field Nust
005 - DATE AND TIME OF LATEST TRANSACTION
control field 20170308121622.0
008 - FIXED-LENGTH DATA ELEMENTS--GENERAL INFORMATION
fixed length control field 760616r1977 nyu 000 0 eng
010 ## - LIBRARY OF CONGRESS CONTROL NUMBER
LC control number 75025351
020 ## - INTERNATIONAL STANDARD BOOK NUMBER
International Standard Book Number 9780099286851
040 ## - CATALOGING SOURCE
Original cataloging agency DLC
Transcribing agency DLC
Modifying agency DLC
050 00 - LIBRARY OF CONGRESS CALL NUMBER
Classification number PR6025.A86
Item number C4 1977
082 00 - DEWEY DECIMAL CLASSIFICATION NUMBER
Classification number 823.912
Author Mark MAU
100 1# - MAIN ENTRY--PERSONAL NAME
Personal name Maugham, W. Somerset
Fuller form of name (William Somerset),
Dates associated with a name 1874-1965.
245 10 - TITLE STATEMENT
Title Christmas holiday /
Statement of responsibility, etc. W. Somerset Maugham.
260 ## - PUBLICATION, DISTRIBUTION, ETC.
Place of publication, distribution, etc. New York :
Name of publisher, distributor, etc. Arno Press,
Date of publication, distribution, etc. 1939.
300 ## - PHYSICAL DESCRIPTION
Extent 250 p. ;
Dimensions 22 cm.
490 1# - SERIES STATEMENT
Series statement The works of W. Somerset Maugham
500 ## - GENERAL NOTE
General note Reprint of the 1st ed. published by Doubleday, Doran, Garden City, N.Y., with a new introd.
650 #0 - SUBJECT ADDED ENTRY--TOPICAL TERM
Topical term or geographic name entry element British
Geographic subdivision France
General subdivision Fiction.
650 #0 - SUBJECT ADDED ENTRY--TOPICAL TERM
Topical term or geographic name entry element British
Geographic subdivision French Guiana
General subdivision Fiction.
650 #0 - SUBJECT ADDED ENTRY--TOPICAL TERM
Topical term or geographic name entry element Young men
General subdivision Fiction.
650 #0 - SUBJECT ADDED ENTRY--TOPICAL TERM
Topical term or geographic name entry element Criminals
General subdivision Fiction.
651 #0 - SUBJECT ADDED ENTRY--GEOGRAPHIC NAME
Geographic name Devil's Island (French Guiana)
General subdivision Fiction.
651 #0 - SUBJECT ADDED ENTRY--GEOGRAPHIC NAME
Geographic name Paris (France)
General subdivision Fiction.
655 #7 - INDEX TERM--GENRE/FORM
Genre/form data or focus term Adventure stories.
Source of term gsafd
655 #7 - INDEX TERM--GENRE/FORM
Genre/form data or focus term Bildungsromane.
Source of term gsafd
800 1# - SERIES ADDED ENTRY--PERSONAL NAME
Personal name Maugham, W. Somerset
Fuller form of name (William Somerset),
Dates associated with a name 1874-1965.
Title of a work Works.
Date of a work 1977.
906 ## - LOCAL DATA ELEMENT F, LDF (RLIN)
a 7
b cbc
c orignew
d 1
e ocip
f 19
g y-gencatlg
942 ## - ADDED ENTRY ELEMENTS (KOHA)
Source of classification or shelving scheme
Koha item type Book
Holdings
Withdrawn status Lost status Source of classification or shelving scheme Damaged status Not for loan Permanent Location Current Location Shelving location Date acquired Total Checkouts Full call number Barcode Date last seen Copy number Price effective from Koha item type
          Central Library (CL) Central Library (CL) Fiction 03/08/2017   823.912 MAU CL1361 03/08/2017 1 03/08/2017 Book
© 2023 Central Library, National University of Sciences and Technology. All Rights Reserved.